[Event "Dois Irmaos Regional Sul"]
[Site "Dois Irmaos"]
[Date "2012.??.??"]
[Round "2"]
[White "Muana Cardoso Noronha, Natanael"]
[Black "Abrahao, Kalil"]
[Result "1-0"]
[WhiteElo "1815"]
[BlackElo "1800"]
[PlyCount "99"]
[EventDate "2012.10.12"]
[EventType "swiss"]
[EventRounds "6"]
[EventCountry "BRA"]
[SourceTitle "EXT 2013"]
[Source "ChessBase"]
[SourceDate "2012.11.22"]
[SourceVersion "1"]
[SourceVersionDate "2012.11.22"]
[SourceQuality "1"]

1. Nf3 d5 2. g3 Nf6 3. Bg2 Bf5 4. 0-0 e6 5. d3 Bc5 6. Nbd2 0-0 7. Nh4 Nc6 8. Nxf5 exf5 9. Nf3 h6 10. b3 d4 11. Bb2 a6 12. c3 Re8 13. cxd4 Bxd4 14. Nxd4 Nxd4 15. Bxd4 Qxd4 16. Bxb7 Ra7 17. Bf3 f4 18. Qc2 Nd5 19. Rac1 fxg3 20. hxg3 Ne7 21. Qc5 Qxc5 22. Rxc5 g6 23. Rfc1 Nf5 24. Rxc7 Rxc7 25. Rxc7 Nd4 26. Kf1 Nxf3 27. exf3 Rd8 28. Ke2 Ra8 29. b4 a5 30. b5 Kg7 31. a4 Kf6 32. Rc6+ Ke7 33. Ra6 Rc8 34. Rxa5 Kd6 35. Ra7 Rc2+ 36. Ke3 Ra2 37. Rxf7 Rxa4 38. Rf6+ Kc5 39. b6 Rb4 40. Rxg6 Rxb6 41. Rxb6 Kxb6 42. Ke4 Kc6 43. Ke5 Kd7 44. f4 Ke7 45. d4 h5 46. d5 Kd7 47. f5 Ke7 48. f6+ Ke8 49. Ke6 Kf8 50. f7 1-0

[Event "Dois Irmaos Regional Sul"]
[Site "Dois Irmaos"]
[Date "2012.??.??"]
[Round "4"]
[White "Muana Cardoso Noronha, Natanael"]
[Black "Silva, Fernando So Barros"]
[Result "1-0"]
[WhiteElo "1815"]
[BlackElo "2033"]
[PlyCount "63"]
[EventDate "2012.10.12"]
[EventType "swiss"]
[EventRounds "6"]
[EventCountry "BRA"]
[SourceTitle "EXT 2013"]
[Source "ChessBase"]
[SourceDate "2012.11.22"]
[SourceVersion "1"]
[SourceVersionDate "2012.11.22"]
[SourceQuality "1"]

1. Nf3 Nf6 2. g3 c5 3. Bg2 d5 4. c4 d4 5. b4 Qc7 6. d3 e5 7. b5 Bd6 8. 0-0 0-0 9. Nbd2 h6 10. a4 Nbd7 11. e3 Rb8 12. a5 dxe3 13. fxe3 Re8 14. Qc2 Nf8 15. Bb2 Bf5 16. Nh4 Bh7 17. a6 b6 18. Bc6 Red8 19. Nf5 Be7 20. Ne4 Ng4 21. Qe2 Nf6 22. Nxf6+ Bxf6 23. Bd5 Bxf5 24. Rxf5 Qe7 25. Raf1 Nd7 26. h4 Rf8 27. Qh5 Kh7 28. Qf3 Rbe8 29. g4 Bxh4 30. Rxf7 Rxf7 31. Qxf7 Qg5 32. Be4+ 1-0